MESTSKÁ KNIŽNICA GIRALTOVCE  - online katalóg 

Dvesto rokov svidnického regiónu v dátumoch (Record no. 20185)

000 -NÁVESTIE
fixed length control field 00292nam a2200109 a 4500
008 - ÚDAJE S PEVNOU DĹŽKOU – VŠEOBECNÉ INFORMÁCIE
fixed length control field 120712s2011|||| d
020 ## - MEDZINÁRODNÉ ŠTANDARDNÉ ČÍSLO KNIHY (ISBN)
Údaje o dostupnosti 3,30
041 ## - KÓD JAZYKA
Kód jazyka textu/zvukovej stopy alebo samostatných nápisov slo
044 ## - KÓD KRAJINY VYDAVATEĽA/PRODUCENTA
Kód krajiny MARC xo
Kód krajiny ISO SK
245 10 - NÁZOV
Názov Dvesto rokov svidnického regiónu v dátumoch
260 ## - VYDAVATEĽSKÉ ÚDAJE, DISTRIBÚCIA ATĎ.
Názov vydavateľa, distibútora atď. Podduklianská knižnica
Miesto publikovania, distribúcie atď. Svidník
Dátum publikovania, distribúcie atď. 2011
Holdings
Stav stiahnutia (Blokovanie) (Withrawn status) Stav straty Zdroj klasifikácie pre skladovanie Stav poškodenia (Damaged status) Nie pre výpožičky (Not for loan) Spôsob nadobudnutia (Collection code) Trvalé umiestnenie Aktuálne umiestnenie Dátum nadobudnutia Náklady, bežná kúpna cena Inventárne číslo (prírastkové číslo) Celkom výpožičky Full call number Čiarový kód Dátum posledného výskytu Dátum poslednej výpôžičky Cena s účinnosťou od Typ jednotky Koha
          Kúpa Mestská knižnica Giraltovce Mestská knižnica Giraltovce 2019-11-29 3.30 18 626 2 I1592 I1592 2023-03-24 2023-03-15 2019-11-29 Odborná literatúra pre dospelých
          Dar Mestská knižnica Giraltovce Mestská knižnica Giraltovce 2025-02-12   22062   S1550 S1550 2025-02-12   2025-02-12 Odborná literatúra pre dospelých

Powered by Koha